00446 a2200145 4500020000900000050001800009100003600027245010100063264004400164300001200208500001900220650001200239651001800251651003100269 a----00aDA16 CHU 19581 aChurchill, Winston,d1874-1965.12aA history of the English-speaking peoples volume 1:bThe birth of Britain/cWinston S. Churchill aLondon:bCassell and Company Ltd,c1956 a416 p.: aIncludes index aHistory 0aGreat Britain 0aEnglish-speaking countries